[Event "Santiago-ch sf"]
[Site "Santiago de Chile"]
[Date "2012.01.22"]
[Round "3.5"]
[White "Alvarez Marquez, Emilio"]
[Black "Cortes Moyano, Julio"]
[Result "1/2-1/2"]
[WhiteElo "2084"]
[BlackElo "2167"]
[PlyCount "59"]
[EventDate "2012.01.21"]
[EventType "swiss"]
[EventRounds "9"]
[EventCountry "CHI"]
[SourceTitle "EXT 2024"]
[Source "ChessBase"]
[SourceDate "2023.10.10"]
[SourceVersion "1"]
[SourceVersionDate "2023.10.10"]
[SourceQuality "1"]

1. Nf3 g6 2. g3 Bg7 3. c4 c5 4. d4 cxd4 5. Nxd4 Nc6 6. Nc2 d6 7. Bg2 Be6 8. Ne3 Nf6 9. Nc3 Qd7 10. h3 0-0 11. Bd2 Rfc8 12. Rc1 Rab8 13. b3 Nd4 14. Ncd5 Bxd5 15. cxd5 e6 16. dxe6 fxe6 17. 0-0 d5 18. h4 Nf5 19. Nxf5 gxf5 20. Bf4 Rxc1 21. Qxc1 Rc8 22. Qa3 b6 23. Rc1 Rxc1+ 24. Qxc1 Ne4 25. Qc2 Nc3 26. Bf1 Qe7 27. Bd2 Qc5 28. Bxc3 Bxc3 29. e3 Kg7 30. Qe2 1/2-1/2

[Event "Santiago Endesa Interempresas tt-A"]
[Site "Santiago de Chile"]
[Date "2010.09.28"]
[Round "12"]
[White "Alvarez Marquez, Emilio"]
[Black "Pierattini, Giovanni"]
[Result "0-1"]
[WhiteElo "2084"]
[BlackElo "2079"]
[PlyCount "64"]
[EventDate "2010.07.13"]
[EventType "team"]
[EventRounds "13"]
[EventCountry "CHI"]
[SourceTitle "EXT 2012"]
[Source "ChessBase"]
[SourceDate "2011.11.24"]
[SourceVersion "1"]
[SourceVersionDate "2011.11.24"]
[SourceQuality "1"]

1. Nf3 f5 2. d3 Nc6 3. e4 e5 4. exf5 d5 5. Qe2 Bd6 6. Nxe5 Bxe5 7. f4 Qe7 8. fxe5 Nd4 9. Qh5+ Kf8 10. Kd1 Qxe5 11. c3 Nxf5 12. Be2 Nf6 13. Qf3 h5 14. Bf4 Qe7 15. Bg5 Be6 16. Nd2 Kf7 17. Kc2 b5 18. d4 b4 19. Bd3 bxc3 20. bxc3 Nd6 21. Rhe1 Qd7 22. Rf1 Qa4+ 23. Nb3 Nde4 24. Bxe4 dxe4 25. Qxe4 Rab8 26. Bxf6 gxf6 27. Qe5 Bxb3+ 28. Kd3 Qc6 29. axb3 Rxb3 30. d5 Rd8 31. Qxh5+ Kg7 32. Qg4+ Kf7 0-1

[Event "Santiago Endesa 02+"]
[Site "Santiago de Chile"]
[Date "2010.05.05"]
[Round "2"]
[White "Cosoi Scherzer, Alejandro"]
[Black "Alvarez Marquez, Emilio"]
[Result "1/2-1/2"]
[WhiteElo "2093"]
[BlackElo "2111"]
[PlyCount "83"]
[EventDate "2010.05.03"]
[EventType "tourn"]
[EventRounds "9"]
[EventCountry "CHI"]
[SourceTitle "EXT 2012"]
[Source "ChessBase"]
[SourceDate "2011.11.24"]
[SourceVersion "1"]
[SourceVersionDate "2011.11.24"]
[SourceQuality "1"]

1. e4 d5 2. exd5 Qxd5 3. Nc3 Qd6 4. d4 Nf6 5. Nf3 a6 6. Bc4 b5 7. Bb3 Bb7 8. 0-0 e6 9. Qe2 Be7 10. Ne5 Nbd7 11. Rd1 c5 12. Nxd7 Qxd7 13. dxc5 Qc6 14. f3 Bxc5+ 15. Be3 Ng4 16. Nd5 Nxe3 17. Nxe3 0-0 18. Kh1 Rad8 19. c3 Qc7 20. Bc2 Qe5 21. Re1 Rd7 22. Nf1 Qf4 23. Rad1 Rfd8 24. Rxd7 Rxd7 25. Rd1 Rxd1 26. Qxd1 Qd6 27. Qxd6 Bxd6 28. Ng3 Bf4 29. Be4 Bc8 30. Kg1 f5 31. Bc6 Be3+ 32. Kf1 Kf7 33. a4 bxa4 34. Bxa4 g6 35. Ke2 Bg1 36. Nf1 e5 37. b4 Be6 38. Kd3 Ba2 39. Bc6 Bb1+ 40. Kd2 Ba2 41. Kd3 Bb1+ 42. Kd2 1/2-1/2

[Event "Santiago Endesa 02+"]
[Site "Santiago de Chile"]
[Date "2010.05.03"]
[Round "1"]
[White "Alvarez Marquez, Emilio"]
[Black "Caceres Salinas, David Alejandro"]
[Result "0-1"]
[WhiteElo "2111"]
[BlackElo "1899"]
[PlyCount "90"]
[EventDate "2010.05.03"]
[EventType "tourn"]
[EventRounds "9"]
[EventCountry "CHI"]
[SourceTitle "EXT 2012"]
[Source "ChessBase"]
[SourceDate "2011.11.24"]
[SourceVersion "1"]
[SourceVersionDate "2011.11.24"]
[SourceQuality "1"]

1. Nf3 d5 2. g3 Nc6 3. d4 Bf5 4. Bg2 Nf6 5. 0-0 Qd7 6. c4 Bxb1 7. Rxb1 dxc4 8. Qa4 e6 9. Qxc4 Rd8 10. a3 Qd5 11. Qa4 Qa5 12. Qc2 Qb6 13. b4 Qb5 14. Bb2 Be7 15. Rfd1 0-0 16. e4 a5 17. bxa5 Qxa5 18. Bc3 Qa7 19. Qb2 Nxe4 20. Bb4 Nxb4 21. axb4 Qb6 22. Ne5 Nf6 23. Nc4 Qb5 24. Na3 Qd7 25. Nc4 Nd5 26. b5 Ra8 27. b6 c6 28. Ra1 Bf6 29. Ne5 Qd6 30. Ra7 Rab8 31. Nc4 Qd8 32. Na5 Qc8 33. Nc4 Rd8 34. Ne5 Bxe5 35. dxe5 Nxb6 36. Raa1 Rxd1+ 37. Rxd1 Nd5 38. h3 g6 39. Rd4 c5 40. Rh4 Ne7 41. Qb5 b6 42. Ra4 Nf5 43. Ra7 Nd4 44. Qa4 b5 45. Qa6 Qxa6 0-1

[Event "Santiago Endesa Interempresas tt-A"]
[Site "Santiago de Chile"]
[Date "2009.08.18"]
[Round "5"]
[White "Pineda Polanco, Adolfo"]
[Black "Alvarez Marquez, Emilio"]
[Result "1/2-1/2"]
[WhiteElo "2315"]
[BlackElo "2081"]
[PlyCount "51"]
[EventDate "2009.07.21"]
[EventType "team"]
[EventRounds "13"]
[EventCountry "CHI"]
[SourceTitle "EXT 2012"]
[Source "ChessBase"]
[SourceDate "2011.11.24"]
[SourceVersion "1"]
[SourceVersionDate "2011.11.24"]
[SourceQuality "1"]

1. e4 d5 2. exd5 Qxd5 3. Nc3 Qd8 4. d4 Nf6 5. Nf3 c6 6. Bc4 Bf5 7. Ne5 e6 8. a4 Be4 9. Nxe4 Nxe4 10. Qe2 Nd6 11. Bd3 Nd7 12. Bd2 Qb6 13. 0-0-0 Qxd4 14. Nxd7 Kxd7 15. c4 Qb6 16. Bc3 c5 17. f4 Re8 18. Rhe1 Kc8 19. Kb1 Kb8 20. f5 Nc8 21. Qf2 f6 22. fxe6 Rxe6 23. Bf5 Rxe1 24. Qxe1 Bd6 25. Bd7 Qc7 26. Qe6 1/2-1/2

[Event "Mayor de Chile op"]
[Site "Santiago de Chile"]
[Date "2005.02.14"]
[Round "1"]
[White "Perez, Robinson Molina"]
[Black "Alvarez Marquez, Emilio"]
[Result "0-1"]
[WhiteElo "2350"]
[BlackElo "2086"]
[PlyCount "106"]
[EventDate "2005.02.14"]
[EventType "swiss"]
[EventRounds "11"]
[EventCountry "CHI"]
[SourceTitle "EXT 2006"]
[Source "ChessBase"]
[SourceDate "2005.11.24"]
[SourceVersion "1"]
[SourceVersionDate "2005.11.24"]
[SourceQuality "1"]

1. d4 Nf6 2. c4 e5 3. dxe5 Ng4 4. e4 Nxe5 5. Be3 a5 6. f4 Nec6 7. Nf3 Na6 8. Nc3 Bb4 9. Qc2 0-0 10. 0-0-0 d6 11. f5 f6 12. Na4 b6 13. g4 Qe7 14. g5 Bxf5 15. exf5 Qxe3+ 16. Kb1 fxg5 17. c5 Nxc5 18. Nxc5 Bxc5 19. Bc4+ Kh8 20. Rd3 Qf4 21. a3 Ne5 22. Nxe5 Qxe5 23. Be6 b5 24. Qg2 Rae8 25. Rh3 h6 26. Rh5 Qf6 27. Qg4 b4 28. axb4 axb4 29. h4 gxh4 30. R1xh4 Re7 31. Rg5 Rxe6 32. fxe6 b3 33. Rd5 Qxe6 34. Rd1 Qxg4 35. Rxg4 Rf3 36. Rh1 Kh7 37. Rgh4 Rg3 38. R4h3 Rxh3 39. Rxh3 g5 40. Kc1 Kg6 41. Kd2 h5 42. Ke2 g4 43. Rxb3 Bd4 44. Kd3 Be5 45. Ke4 h4 46. Rb8 g3 47. Kf3 h3 48. Rg8+ Kf5 49. Rf8+ Ke6 50. Rg8 c5 51. b3 g2 52. Rg6+ Kd5 53. Rg5 Kc6 0-1